Statistics for Most expensive countries for air travel

Click here to take the quiz!

General Stats

  • This quiz has been taken 27 times
  • The average score is 5 of 10

Answer Stats

Average price for 60 miles(USD)Answer% Correct
41.48Japan
79%
38.71Canada
79%
105.71UAE
54%
50.98Finland
54%
37.86Denmark
46%
50.37Qatar
42%
36.91Austria
33%
36.84Switzerland
33%
38.07Belgium
29%
42.35Netherlands
25%

Score Distribution

Percentile by Number Answered

Percent of People with Each Score

Your Score History

You have not taken this quiz